000
00296nam a22001337a 4500
008
181031b xxu||||| |||| 00| 0 eng d
020
_a
9780192623553
041
_a
eng
080
_a
610
100
_a
4
101
_a
SHM
245
_a
The Oxford Medical Companion
_c
Walton,J
942
_2
udc
_c
BK
999
_c
51313
_d
51313